Josef Müller-Brockmann / (Record no. 353193)

000 -LEADER
fixed length control field 01028 a2200265 4500
003 - CONTROL NUMBER IDENTIFIER
control field OSt
005 - DATE AND TIME OF LATEST TRANSACTION
control field 20180116192358.0
008 - FIXED-LENGTH DATA ELEMENTS--GENERAL INFORMATION
fixed length control field 120702t xxu||||| |||| 00| 0 eng d
020 ## - INTERNATIONAL STANDARD BOOK NUMBER
International Standard Book Number 0714843490
020 ## - INTERNATIONAL STANDARD BOOK NUMBER
International Standard Book Number 9780714843490
040 ## - CATALOGING SOURCE
Transcribing agency 0
082 ## - DEWEY DECIMAL CLASSIFICATION NUMBER
Classification number 741.6092
100 ## - MAIN ENTRY--PERSONAL NAME
Personal name Purcell, Kerry William.
9 (RLIN) 5332
245 10 - TITLE STATEMENT
Title Josef Müller-Brockmann /
Statement of responsibility, etc. by Kerry William Purcell.
260 ## - PUBLICATION, DISTRIBUTION, ETC.
Place of publication, distribution, etc. London :
Name of publisher, distributor, etc. Phaidon Press,
Date of publication, distribution, etc. 2006
300 ## - PHYSICAL DESCRIPTION
Extent 291 p. :
Other physical details ill. (some col.), ports ;
Dimensions 30 cm.
500 ## - GENERAL NOTE
General note "This project was made in cooperation with Shizuko Yoshikawa and the Josef Müller-Brockmann Archive."
500 ## - GENERAL NOTE
General note Includes bibliographical references and index.
600 10 - SUBJECT ADDED ENTRY--PERSONAL NAME
Personal name Müller-Brockmann, Josef.
Dates associated with a name 1914-
9 (RLIN) 5333
650 10 - SUBJECT ADDED ENTRY--TOPICAL TERM
Topical term or geographic name entry element Graphic artists
Geographic subdivision Switzerland |v Biography.
Location of event Biography.
9 (RLIN) 5334
650 10 - SUBJECT ADDED ENTRY--TOPICAL TERM
Topical term or geographic name entry element Commercial artists
Geographic subdivision Switzerland
Location of event Biography.
9 (RLIN) 5335
700 1# - ADDED ENTRY--PERSONAL NAME
Relator code Yoshikawa, Shizuko,
Dates associated with a name 1934-
9 (RLIN) 5336
942 ## - ADDED ENTRY ELEMENTS (KOHA)
Institution code [OBSOLETE] SADA
Koha item type Book
Call number prefix 741.6092 PUR 2006
Source of classification or shelving scheme
952 ## - LOCATION AND ITEM INFORMATION (KOHA)
-- BOOK
Holdings
Withdrawn status Lost status Source of classification or shelving scheme Damaged status Not for loan Permanent Location Current Location Date acquired Total Checkouts Full call number Barcode Date last seen Date last checked out Cost, replacement price Price effective from Koha item type
          School of Art Design and Architecture (SADA) School of Art Design and Architecture (SADA) 06/29/2011 1 741.6092 PUR 2006 SADA0001493 04/08/2013 04/05/2013 4329.00 08/05/2011 Book
© 2023 Central Library, National University of Sciences and Technology. All Rights Reserved.